Security force assistance and security sector reform /

Bibliographic Details
Main Author: Shultz, Richard H., 1947- (Author)
Format: Government Document eBook
Language:English
Published: MacDill Air Force Base, Florida : The JSOU Press, 2013.
Series:JSOU report ; 13-5.
Subjects:
Online Access:https://purl.fdlp.gov/GPO/gpo81121
http://purl.fdlp.gov/GPO/gpo81121

MARC

Tag First Indicator Second Indicator Subfields
LEADER 00000cam a2200000 i 4500
001 in00003839708
005 20210514085010.0
006 m o d f
007 cr m||||||||||
008 151014s2013 flua ob f000 0 eng c
035 |a (OCoLC)ocn924286147 
042 |a pcc 
040 |a DIA  |b eng  |e rda  |e pn  |c DIA  |d OCLCO  |d DIA  |d OCLCA  |d OCLCQ  |d GPO  |d MvI 
049 |a WWW 
074 |a 0379-V-05 (online) 
086 0 |a D 16.15/16-2:15/13-5 
100 1 |a Shultz, Richard H.,  |d 1947-  |e author. 
245 1 0 |a Security force assistance and security sector reform /  |c Richard H. Shultz. 
264 1 |a MacDill Air Force Base, Florida :  |b The JSOU Press,  |c 2013. 
300 |a 1 online resource (xii, 77 pages) :  |b illustrations. 
336 |a text  |b txt  |2 rdacontent 
337 |a computer  |b c  |2 rdamedia 
338 |a online resource  |b cr  |2 rdacarrier 
490 1 |a JSOU report ;  |v 13-5 
500 |a "September 2013."--Cover. 
504 |a Includes bibliographical references (pages 71-77). 
506 0 |a This work was cleared for public release; distribution is unlimited. 
588 |a Description based on online resource, PDF version; title from title page (viewed May 25, 2017). 
650 0 |a Failed states. 
650 0 |a Security, International. 
650 0 |a National security  |x International cooperation. 
650 0 |a Irregular warfare. 
650 0 |a Nation-building. 
650 0 |a Security sector. 
650 7 |a Failed states.  |2 fast  |0 (OCoLC)fst01743190 
650 7 |a Nation-building.  |2 fast  |0 (OCoLC)fst01737474 
650 7 |a National security  |x International cooperation.  |2 fast  |0 (OCoLC)fst01033726 
650 7 |a Security, International.  |2 fast  |0 (OCoLC)fst01110895 
650 7 |a Security sector.  |2 fast  |0 (OCoLC)fst01747046 
710 2 |a Joint Special Operations University (U.S.).  |b JSOU Press,  |e publisher. 
776 0 8 |i Print version:  |a Shultz, Richard H., 1947-  |t Security force assistance and security sector reform  |z 9781933749792  |w (OCoLC)861340851 
830 0 |a JSOU report ;  |v 13-5. 
856 4 0 |u https://purl.fdlp.gov/GPO/gpo81121  |t 0 
856 4 0 |u http://purl.fdlp.gov/GPO/gpo81121  |t 0 
999 f f |s e0a9c7d4-16c1-337f-92d0-13e77551015a  |i dab26ec7-969a-327a-8de8-bfc2b106aeb2  |t 0 
952 f f |a Texas A&M University  |b College Station  |c Electronic Resources  |d Available Online  |t 0  |e D 16.15/16-2:15/13-5  |h Superintendent of Documents classification 
998 f f |a D 16.15/16-2:15/13-5  |t 0  |l Available Online